EFTA likely to grain from integrated Europe, says study.

Tézy štúdie MMF o očakávaných výhodach spoločného trhu pre Európske združenie volného obchodu. Účinok voľnej cirkulácie tovarov, služieb, osôb a kapitálu. Administratívne, inštitucionálne a právne zmeny na zlepšenie spolupráce EHS-EFTA.

Enregistré dans:
Détails bibliographiques
Format: Chapitre de livre
Langue:anglais
Sujets:
Tags: Ajouter un tag
Pas de tags, Soyez le premier à ajouter un tag!

MARC

LEADER 00000naa a2200000 4500
001 r004642
005 20221213084115.4
041 0 |a eng 
044 |a US 
245 1 0 |a EFTA likely to grain from integrated Europe, says study. 
520 |a Tézy štúdie MMF o očakávaných výhodach spoločného trhu pre Európske združenie volného obchodu. Účinok voľnej cirkulácie tovarov, služieb, osôb a kapitálu. Administratívne, inštitucionálne a právne zmeny na zlepšenie spolupráce EHS-EFTA. 
610 2 0 |a EZVO 
610 2 0 |a západná Európa 
610 2 0 |a Medzinárodný menový fond 
610 2 0 |a trh 
610 2 0 |a Európske spoločenstvá 
610 2 0 |a spolupráca hospodárska medzinárodná